Unique Capital & Country Beginnings Quiz Stats

 Plays Quiz Updated Nov 21, 2019

Support Sporcle.
Go Orange.
Score 0/24 Timer 06:00
1 Play Today
Initials (Country, Capital) Country (Capital) % Correct
Q, DQatar (Doha)
90.1%
Z, HZimbabwe (Harare)
89.5%
Y, SYemen (Sanaa)
89.2%
O, MOman (Muscat)
88%
V, CVenezuela (Caracas)
73.2%
F, HFinland (Helsinki)
72.8%
I, NIndia (New Delhi)
72.7%
J, KJamaica (Kingston)
69.9%
U, TUzbekistan (Tashkent)
64.2%
H, BHungary (Budapest)
63.7%
K, PKosovo (Pristina)
62.5%
C, OCanada (Ottawa)
58.7%
Initials (Country, Capital) Country (Capital) % Correct
E, CEgypt (Cairo)
55.5%
R, KRwanda (Kigali)
54.4%
L, LLuxembourg (Luxembourg)
52.1%
P, IPakistan (Islamabad)
51.6%
A, LAngola (Luanda)
51%
D, RDominica (Roseau)
48.9%
G, TGeorgia (Tbilisi)
46%
B, DBangladesh (Dhaka)
43.1%
N, KNepal (Kathmandu)
39.1%
M, AMadagascar (Antananarivo)
30.8%
T, PTrinidad and Tobago (Port of Spain)
25.1%
S, VSeychelles (Victoria)
23.2%

You're not logged in!

Compare scores with friends on all Sporcle quizzes.
OR
Log In

From the Vault

'I'-Less States

by Zelzega

There's is no 'I' in Sporcle...or any of these states.
Remove Ads.
Support Sporcle.
Get the best of Sporcle when you Go Orange. This ad-free experience offers more features, more stats, and more fun while also helping to support Sporcle. Thank you for becoming a member.

Show Comments

Extras

Top Quizzes Today


Score Distribution

Your Account Isn't Verified!

In order to create a playlist on Sporcle, you need to verify the email address you used during registration. Go to your Sporcle Settings to finish the process.

Report this User

Report this user for behavior that violates our Community Guidelines.

Details: